00906 a2200217 4500003000500000005001700005040000900022082001200031100003200043245009200075260003100167300001400198505018200212538003000394650001400424651001200438942000800450999001900458952010600477952010500583Nust20170207153214.0 cNust a621.382 aShahzad, Khurram (MSEE-11) aReference signal generation for blind adaptive filters / equalizerscKhurram Shahzad  bMCS,NUSTc2007aRawalpindi ax, 77,p.; aIntroduction (page-1) Adaptive digital filters (page-5) Equalization (page-18) Blind adaptive equation (page-33) Speeding up the convergence rate (page-59) Conclusion (page-69). aAlmirah No 69 Shelf No 2  aMS Thesis aMSEE-11 cTHS c181518d181518 00102ddc40708NFICaMCSbMCSd2016-12-12l0o621.382 SHApMCSTEE-178r2016-12-08w2016-12-12yBK 00102ddc40708NFICaMCSbMCSd2016-12-12l0o621.382 SHApMCSTEE-53r2016-12-08w2016-12-12yBK